Giáo trình pháp luật về hợp đồng và bồi thường thiệt hại ngoài hợp đồng
Nội dung sách giới thiệu về nghĩa vụ, khái luận hợp đồng, biện pháp bảo đảm thực hiện nghĩa vụ, trách nhiệm dân sự do vị phạm nghĩa vụ, các quy định chung về trách nhiệm bồi thường thiệt hại ngoài hợp đồng, các trường hợp bồi thườ...
Đã lưu trong:
| 主要作者: | |
|---|---|
| 格式: | 圖書 |
| 語言: | Undetermined |
| 出版: |
Hà Nội
Hồng Đức
2019
|
| 主題: | |
| 標簽: |
添加標簽
沒有標簽, 成為第一個標記此記錄!
|
| Thư viện lưu trữ: | Trung tâm Học liệu Trường Đại học Cần Thơ |
|---|
| LEADER | 01182nam a2200217Ia 4500 | ||
|---|---|---|---|
| 001 | CTU_236254 | ||
| 008 | 210402s9999 xx 000 0 und d | ||
| 020 | |c 96000 | ||
| 082 | |a 346.59702 | ||
| 082 | |b Đ103 | ||
| 100 | |a Đỗ, Văn Đại | ||
| 245 | 0 | |a Giáo trình pháp luật về hợp đồng và bồi thường thiệt hại ngoài hợp đồng | |
| 245 | 0 | |c Đỗ Văn Đại (Chủ biên) | |
| 260 | |a Hà Nội | ||
| 260 | |b Hồng Đức | ||
| 260 | |c 2019 | ||
| 520 | |a Nội dung sách giới thiệu về nghĩa vụ, khái luận hợp đồng, biện pháp bảo đảm thực hiện nghĩa vụ, trách nhiệm dân sự do vị phạm nghĩa vụ, các quy định chung về trách nhiệm bồi thường thiệt hại ngoài hợp đồng, các trường hợp bồi thường thiệt hại cụ thể và trách nhiệm bồi thường của Nhà Nước. | ||
| 650 | |a Contracts,Hợp đồng | ||
| 650 | |x Economic aspects,Khía cạnh kinh tế | ||
| 904 | |i Nhi | ||
| 980 | |a Trung tâm Học liệu Trường Đại học Cần Thơ | ||